| 000 | 01227nab a22002297a 4500 | ||
|---|---|---|---|
| 005 | 20150810142814.0 | ||
| 008 | 150805b1977 ck |||||r|||| 00| 0 spa d | ||
| 040 |
_aCO-BoIAVH _cCO-BoIAVH |
||
| 041 | 0 | _aspa | |
| 044 | _ack | ||
| 110 | 1 |
_aUniversidad del Tolima _b, Grupo ecológico _936723 |
|
| 245 | 1 | _aPhosvel: Un insecticida letal | |
| 260 | 3 |
_aIbagué (Colombia): _bCentro de publicaciones Universidad del Tolima, _c1977. |
|
| 300 | _aVol.1, Nro. 1, Año 1977, Pag. 1-2 | ||
| 505 | _aEfectos de la neurotoxinas de acción retardada. Investigaciones sobre la neurotoxicidad retardada. | ||
| 520 | _aEl plaguicida conocido como Phosvel o Lepthopos, parece haber causado lesiones 65 trabajadores agrícolas egipcios. La mayoría de insecticidas organofosforados son tóxicos al sistema nervioso por que interfieren en la producción una enzima esencial en la transmisión de los impulsos nerviosos. | ||
| 650 | 6 |
_aInsecticidas _xEfectos _xSalud _936724 |
|
| 650 | 6 |
_aInsecticidas _xEfectos _xNeurotoxinas _936725 |
|
| 650 | 6 |
_aInsecticidas _xInvestigación _936726 |
|
| 773 | 0 |
_aUniversidad del Tolima- _dIbagué (Colombia): Centro de publicaciones de la Universidad del Tolima, 1977. _tSOS ecológico |
|
| 942 |
_2z _cARTICULO |
||
| 999 |
_c17645 _d17645 |
||